000 00556nam a2200229Ia 4500
003 OSt
005 20220924143144.0
006 a|||||r|||| 00| 0
007 ta
008 220923b |||||||| |||| 00| 0 ori d
024 _a306977
037 _cTextual
040 _aARTS
_cARTS
_bORI
041 _2ORI
_aORI
082 _aO1591,6x, K4
100 _aBal B C
_9214939
245 0 _aGangadhar Meher
260 _c1964
650 _aORIYA LITERATURE
_927692
942 _hO1591,6x, K4
_cTEXL
_2CC
999 _c453415
_d453415